[Event "FIN-ch Seniors 2019"]
[Site "Helsinki"]
[Date "2019.06.16"]
[Round "7.5"]
[White "Visti, Heikki"]
[Black "Sorri, Kari Juhani"]
[Result "0-1"]
[WhiteElo "2000"]
[BlackElo "2184"]
[Annotator "RC"]
[PlyCount "68"]
[EventDate "2019.06.10"]
[EventType "swiss"]
[EventCountry "FIN"]
[SourceTitle "playchess.com"]
[Source "ChessBase"]
[SourceQuality "1"]
[TimeControl "40/5400+30:1800+30"]

1. e4 {[%emt 0:00:00]} e5 {[%emt 0:00:00]} 2. Nf3 {[%emt 0:00:00]} Nc6 {[%emt 0:00:00]} 3. Bc4 {[%emt 0:00:13]} Nf6 {[%emt 0:00:22]} 4. d3 {[%emt 0:01:03]} Be7 {[%emt 0:00:22]} 5. O-O {[%emt 0:02:39]} O-O {[%emt 0:00:20]} 6. Nc3 {[%emt 0:00:48]} d6 {[%emt 0:00:16]} 7. h3 {[%emt 0:00:28]} Be6 {[%emt 0:00:17]} 8. Qe2 {[%emt 0:01:55]} Nd4 {[%emt 0:07:30]} 9. Nxd4 {[%emt 0:00:27]} exd4 {[%emt 0:00:10]} 10. Nd5 {[%emt 0:01:10]} Nxd5 {[%emt 0:04:14]} 11. exd5 {[%emt 0:01:49]} Bd7 {[%emt 0:00:17]} 12. Bd2 {[%emt 0:01:12]} Bf6 {[%emt 0:06:24]} 13. f4 {[%emt 0:01:08]} g6 {[%emt 0:02:33]} 14. Rae1 {[%emt 0:04:47]} Bh4 {[%emt 0:04:26]} 15. Rd1 {[%emt 0:00:32]} a5 {[%emt 0:00:40]} 16. a3 {[%emt 0:00:28]} b5 {[%emt 0:02:11]} 17. Bb3 {[%emt 0:00:46]} a4 {[%emt 0:08:32]} 18. Ba2 {[%emt 0:00:11]} c5 {[%emt 0:01:47]} 19. Qf3 {[%emt 0:01:17]} Bf6 {[%emt 0:01:15]} 20. c4 {[%emt 0:03:41]} bxc4 {[%emt 0:01:58]} 21. dxc4 {[%emt 0:00:39]} Rb8 {[%emt 0:00:32]} 22. Bc1 {[%emt 0:05:33]} Bg7 {[%emt 0:05:04]} 23. g4 {[%emt 0:02:44]} f5 {[%emt 0:01:26]} 24. g5 {[%emt 0:02:06]} Re8 {[%emt 0:02:40]} 25. Qd3 {[%emt 0:13:04]} Qe7 {[%emt 0:04:22]} 26. Rf2 {[%emt 0:05:06]} Qe4 {[%emt 0:02:42]} 27. Rc2 {[%emt 0:01:17]} Qxd3 {[%emt 0:01:53]} 28. Rxd3 {[%emt 0:00:19]} Re1+ {[%emt 0:00:56]} 29. Kg2 {[%emt 0:01:43]} Rxc1 {[%emt 0:00:40]} 30. Rxc1 {[%emt 0:47:55]} Rxb2+ {[%emt 0:41:11]} 31. Kg3 {[%emt 0:00:30]} Rxa2 {[%emt 0:00:30]} 32. Rb1 {[%emt 0:00:30]} Kf7 {[%emt 0:00:30]} 33. Rb6 {[%emt 0:00:30]} Ke7 {[%emt 0:00:30]} 34. h4 {[%emt 0:00:30]} Re2 {[%emt 0:00:30]} 0-1

[Event "FIN-ch Seniors 2019"]
[Site "Helsinki"]
[Date "2019.06.17"]
[Round "8.3"]
[White "Kivipelto, Kaj"]
[Black "Nyrhinen, Harri"]
[Result "1-0"]
[WhiteElo "2130"]
[BlackElo "2001"]
[Annotator "TA"]
[PlyCount "53"]
[EventDate "2019.06.10"]
[EventType "swiss"]
[EventCountry "FIN"]
[SourceTitle "playchess.com"]
[Source "ChessBase"]
[SourceQuality "1"]

{[%evp 15,53,39,89,92,77,64,90,68,177,179,235,238,358,277,445,380,383,55,39,48,101,64,69,59,42,17,22,17,17,12,32,19,44,42,41,22,441,427,422,425]} 1. Nf3 f5 2. c4 Nf6 3. Nc3 e6 4. d3 d5 5. cxd5 exd5 6. g3 c6 7. Bg2 Bd6 8. O-O O-O 9. e4 {A10: English Opening: Unusual Replies for Black} fxe4 10. dxe4 dxe4 (10... Nxe4 11. Nxe4 dxe4 12. Ng5 Be7 13. Qh5 Bxg5 14. Bxg5 Qe8 15. Qxe8 Rxe8 16. Rae1 Bf5 {0-1 (69) Salomon,J (2450)-Stremavicius,T (2468) Manacor 2016}) 11. Ng5 {White is better.} Qc7 (11... Na6 $14) 12. Ncxe4 $18 Nxe4 (12... Nd5 $142 13. Nxd6 (13. Qh5 Bf5 $16) 13... Qxd6) 13. Bxe4 ({Don't play} 13. Nxe4 $6 Be5 $16) 13... Bf5 (13... h6 $142) 14. Qd3 g6 $146 {[#]} (14... Qd7 {was necessary.} 15. Rd1 h6 16. Qb3+ (16. Qxd6 Qxd6 17. Rxd6 hxg5 $16) 16... Kh8) ({Predecessor:} 14... Bxe4 15. Qxe4 g6 16. Qc4+ Kh8 17. Ne6 Qe7 18. Bg5 Rf6 19. Rfe1 Qf7 20. Qd4 Be7 21. Nd8 Qg7 22. Rxe7 {1-0 (22) Sebald,R-Paul,H DDR 1982}) 15. Qb3+ Kh8 16. Ne6 $2 ({White should play} 16. Bd2 $18 Be5 17. Bc3) 16... Bxe6 $1 $14 17. Qxe6 {Strongly threatening Bh6.} Na6 (17... Qe7 $14 18. Qxe7 Bxe7) 18. Qh3 Qf7 19. Bh6 Rfe8 20. Bc2 Nb4 21. Bb3 Nd5 22. Rad1 {[%cal Ba1d1,Bd1d2,Bd2d5,Bd5g5][%mdl 32]} Rad8 23. Qh4 Be5 24. Rd2 Bf6 25. Bg5 {Black must now prevent Rxd5!} Qe7 $2 {[%mdl 8192] [#]} (25... Kg7 $11 {and Black has nothing to worry.}) 26. Rxd5 $1 $18 {[%mdl 512]} Bxg5 (26... cxd5 27. Bxf6+) 27. Rxg5 {Accuracy: White = 52%, Black = 32%.} 1-0

[Event "FIN-ch Seniors 2019"]
[Site "Helsinki"]
[Date "2019.06.17"]
[Round "8.4"]
[White "Sorri, Kari Juhani"]
[Black "Auvinen, Esa"]
[Result "1/2-1/2"]
[WhiteElo "2184"]
[BlackElo "1899"]
[Annotator "TA"]
[PlyCount "119"]
[EventDate "2019.06.10"]
[EventType "swiss"]
[EventCountry "FIN"]
[SourceTitle "playchess.com"]
[Source "ChessBase"]
[SourceQuality "1"]

{[%evp 17,119,0,1,-13,-17,-36,11,0,10,3,10,15,13,10,8,0,-6,-18,0,0,10,-11,-10,-6,0,-9,-4,-8,-4,-4,-4,-4,-2,-6,0,-63,0,0,0,0,0,0,0,0,0,0,0,0,0,0,0,0,0,0,6,0,3,0,0,0,0,0,0,1,8,0,0,0,0,0,0,0,0,0,0,0,825,0,0,0,0,0,8,0,0,0,0,0,0,0,0,0,0,0,0,0,0,0,8,0,0,0,0,0]} 1. d4 Nf6 2. Nf3 e6 3. g3 d5 4. Bg2 c5 5. b3 Nbd7 6. Bb2 Be7 7. O-O O-O 8. Nbd2 b6 9. c4 Bb7 10. Qc2 {E17: Queen's Indian: 4 g3 Bb7 5 Bg2 Be7} (10. Rc1 Rc8 11. cxd5 {½-½ (11) Bauer,C (2634)-Gharamian,T (2627) Maastricht 2016}) 10... dxc4 11. Nxc4 cxd4 12. Bxd4 Qc7 $146 ({Predecessor:} 12... Rc8 13. Qb2 Re8 14. Rfd1 Qc7 15. Rac1 Qb8 16. Nce5 Rxc1 17. Rxc1 {1-0 (67) Nascimento,D (2131)-Nascimento,P (1865) Brasilia 2014}) 13. Rac1 Rac8 14. Qb2 {[#] And now Nxb6 would win.} Qb8 15. Nce5 Nxe5 16. Bxe5 Qa8 17. a4 Rxc1 18. Rxc1 Rc8 19. Qb1 Rxc1+ 20. Qxc1 Qc8 21. Qb1 Be4 22. Qb2 Qc2 23. Qxc2 Bxc2 24. Nd4 Bd1 25. Nc6 Ba3 26. Bb8 (26. Nxa7 $11 Bc5 27. Nc6) 26... Nd7 ({Much weaker is} 26... Bxe2 $6 27. Bxa7 Nd7 28. Bf1 $16) (26... a6 $15) 27. Bxa7 $11 Bxb3 28. a5 bxa5 29. Nxa5 Ba4 30. Nc4 Bc5 31. Bxc5 Nxc5 {[%mdl 4096] Endgame KBN-KBN} 32. e4 Bc6 33. f3 Kf8 34. Kf2 Ke7 35. Ke3 f6 36. f4 Nd7 37. Bf3 e5 38. Bg4 exf4+ 39. gxf4 Bb5 40. Na3 Ba6 (40... Ba4 {is interesting.} 41. Nb1 g5 42. Nc3 Bc6 43. Ne2 gxf4+ 44. Nxf4 Ne5) 41. Bxd7 Kxd7 {KB-KN} 42. Nc2 Ke7 43. Kd4 Bb7 44. Ne3 g5 45. fxg5 fxg5 46. Ke5 Bc8 $2 {[%mdl 8192]} (46... Kf7 $11) 47. Nd5+ $2 ({Only move:} 47. Nf5+ $18 Kd8 48. Kf6) 47... Kf7 {The position is equal.} 48. Kd6 h5 49. e5 h4 50. Nf6 g4 51. Nd7 Ke8 52. Nf6+ $1 Kf7 53. Ne4 Bf5 54. e6+ {[%mdl 64] [#] Decoy} Bxe6 55. Ng5+ {[%mdl 64] Double Attack} Kf6 56. Nxe6 g3 57. hxg3 hxg3 {White must now prevent ...g2.} (57... h3 $5 58. Nc5 $8 Kf5 $11) 58. Nf4 Kf5 59. Ne2 g2 60. Kd5 {Accuracy: White = 49%, Black = 66%.} 1/2-1/2

[Event "FIN-ch Seniors 2019"]
[Site "Helsinki"]
[Date "2019.06.18"]
[Round "9.1"]
[White "Hurme, Harri"]
[Black "Sorri, Kari Juhani"]
[Result "1-0"]
[WhiteElo "2122"]
[BlackElo "2184"]
[Annotator "NA"]
[PlyCount "91"]
[EventDate "2019.06.10"]
[EventType "swiss"]
[EventCountry "FIN"]
[SourceTitle "playchess.com"]
[Source "ChessBase"]
[SourceQuality "1"]
[TimeControl "40/5400+30:1800+30"]

1. d4 {[%emt 0:00:00]} Nf6 {[%emt 0:00:00]} 2. c4 {[%emt 0:00:00]} g6 {[%emt 0:00:00]} 3. Nc3 {[%emt 0:00:00]} Bg7 {[%emt 0:00:01]} 4. e4 {[%emt 0:00:00]} d6 {[%emt 0:00:05]} 5. h3 {[%emt 0:00:07]} O-O {[%emt 0:00:12]} 6. Bg5 {[%emt 0:00:10]} Nbd7 {[%emt 0:00:54]} 7. Nf3 {[%emt 0:00:27]} e5 {[%emt 1:32:18]} 8. d5 {[%emt 0:00:54]} a6 {[%emt 0:00:00]} 9. Bd3 {[%emt 0:01:24]} Qe8 {[%emt 0:00:00]} 10. O-O {[%emt 0:14:01]} Kh8 {[%emt 0:00:00]} 11. Re1 {[%emt 0:01:47]} Ng8 {[%emt 0:00:00]} 12. Nd2 {[%emt 0:02:33]} f6 {[%emt 0:00:00]} 13. Be3 {[%emt 0:01:39]} Qf7 {[%emt 0:00:00]} 14. Rc1 {[%emt 0:02:58]} f5 {[%emt 0:00:00]} 15. exf5 {[%emt 0:01:17]} gxf5 {[%emt 0:00:00]} 16. f4 {[%emt 0:00:16]} e4 {[%emt 0:00:00]} 17. Be2 {[%emt 0:03:47]} Ngf6 {[%emt 0:00:00]} 18. Nb3 {[%emt 0:00:53]} Rg8 {[%emt 0:00:00]} 19. Nd4 {[%emt 0:02:09]} Nf8 {[%emt 0:00:00]} 20. b4 {[%emt 0:01:31]} Qg6 {[%emt 0:00:00]} 21. Bf1 {[%emt 0:10:34]} Bd7 {[%emt 0:00:00]} 22. c5 {[%emt 0:02:51]} Nh5 {[%emt 0:00:00]} 23. Nce2 {[%emt 0:01:15]} Bf6 {[%emt 0:00:00]} 24. Qd2 {[%emt 0:03:37]} Ng3 {[%emt 0:00:00]} 25. Nxg3 {[%emt 0:01:08]} Qxg3 {[%emt 0:00:00]} 26. Kh1 {[%emt 0:01:28]} Re8 {[%emt 0:00:00]} 27. cxd6 {[%emt 0:01:58]} cxd6 {[%emt 0:00:00]} 28. Rc7 {[%emt 0:00:45]} Re7 {[%emt 0:00:00]} 29. Rxb7 {[%emt 0:02:15]} Bb5 {[%emt 0:00:00]} 30. Nxf5 {[%emt 0:04:04]} Qxe1 {[%emt 0:00:00]} 31. Qxe1 {[%emt 0:00:26]} Rxb7 {[%emt 0:00:00]} 32. Bxb5 {[%emt 0:06:45]} Rxb5 {[%emt 0:00:00]} 33. Qd2 {[%emt 0:01:14]} a5 {[%emt 0:00:00]} 34. a3 {[%emt 0:00:21]} axb4 {[%emt 0:00:00]} 35. axb4 {[%emt 0:00:02]} Nd7 {[%emt 0:00:00]} 36. Nxd6 {[%emt 0:00:27]} Rbb8 {[%emt 0:00:00]} 37. Nxe4 {[%emt 0:00:42]} Bg7 {[%emt 0:00:00]} 38. Ng5 {[%emt 0:01:17]} Rge8 {[%emt 0:00:00]} 39. Bd4 {[%emt 0:01:42]} Nf6 {[%emt 0:00:00]} 40. Qd3 {[%emt 0:03:44]} Rb7 {[%emt 0:00:00]} 41. b5 {[%emt 0:31:50]} Rd8 {[%emt 0:17:38]} 42. Ne6 {[%emt 0:03:14]} Rxd5 {[%emt 0:13:02]} 43. Qc3 {[%emt 0:00:41]} Rxd4 {[%emt 0:09:08]} 44. Qc8+ {[%emt 0:03:35]} Bf8 {[%emt 0:04:21]} 45. Qxf8+ {[%emt 0:00:51]} Ng8 {[%emt 0:00:08]} 46. Nxd4 {[%emt 0:00:15]} 1-0

[Event "FIN-ch Seniors 2019"]
[Site "Helsinki"]
[Date "2019.06.18"]
[Round "9.2"]
[White "Peltola, Leo"]
[Black "Nyrhinen, Harri"]
[Result "0-1"]
[WhiteElo "1933"]
[BlackElo "2001"]
[Annotator "NA"]
[PlyCount "102"]
[EventDate "2019.06.10"]
[EventType "swiss"]
[EventCountry "FIN"]
[SourceTitle "playchess.com"]
[Source "ChessBase"]
[SourceQuality "1"]
[TimeControl "40/5400+30:1800+30"]

1. e4 {[%emt 0:00:00]} c6 {[%emt 0:00:00]} 2. d4 {[%emt 0:00:00]} d5 {[%emt 0:00:00]} 3. Nd2 {[%emt 0:00:00]} dxe4 {[%emt 0:00:00]} 4. Nxe4 {[%emt 0:00:02]} Nd7 {[%emt 0:00:05]} 5. Nf3 {[%emt 0:00:58]} Ngf6 {[%emt 0:00:16]} 6. Nxf6+ {[%emt 0:01:17]} Nxf6 {[%emt 0:00:03]} 7. Bc4 {[%emt 0:01:29]} e6 {[%emt 0:04:16]} 8. O-O {[%emt 0:01:58]} Bd6 {[%emt 0:03:04]} 9. Bb3 {[%emt 0:04:04]} Qc7 {[%emt 0:01:28]} 10. Qe2 {[%emt 0:03:59]} O-O {[%emt 0:08:03]} 11. Ne5 {[%emt 0:04:20]} a5 {[%emt 0:08:06]} 12. a4 {[%emt 0:05:42]} b5 {[%emt 0:12:57]} 13. Re1 {[%emt 0:03:32]} b4 {[%emt 0:06:03]} 14. h3 {[%emt 0:03:06]} c5 {[%emt 0:05:00]} 15. dxc5 {[%emt 0:02:44]} Qxc5 {[%emt 0:02:32]} 16. Ng4 {[%emt 0:05:20]} Nd5 {[%emt 0:03:34]} 17. Ne5 {[%emt 0:09:38]} Qc7 {[%emt 0:10:32]} 18. Nd3 {[%emt 0:04:05]} Bb7 {[%emt 0:02:30]} 19. Qg4 {[%emt 0:05:38]} Kh8 {[%emt 0:05:02]} 20. Bg5 {[%emt 0:07:40]} Rae8 {[%emt 0:03:03]} 21. Rad1 {[%emt 0:04:07]} Rg8 {[%emt 0:05:33]} 22. Qc4 {[%emt 0:15:33]} Qd7 {[%emt 0:02:39]} 23. Nc5 {[%emt 0:02:13]} Bxc5 {[%emt 0:03:58]} 24. Qxc5 {[%emt 0:00:11]} Qc6 {[%emt 0:03:00]} 25. Qxc6 {[%emt 0:01:20]} Bxc6 {[%emt 0:00:09]} 26. Be3 {[%emt 0:00:30]} Rc8 {[%emt 0:00:53]} 27. Rd2 {[%emt 0:00:43]} h6 {[%emt 0:03:42]} 28. Bd4 {[%emt 0:01:23]} Nf4 {[%emt 0:02:03]} 29. f3 {[%emt 0:01:14]} Rgd8 {[%emt 0:00:56]} 30. Kf2 {[%emt 0:00:51]} Rd7 {[%emt 0:01:09]} 31. Red1 {[%emt 0:02:19]} Rcd8 {[%emt 0:01:47]} 32. Be3 {[%emt 0:00:32]} Nd5 {[%emt 0:00:25]} 33. g3 {[%emt 0:03:17]} Nxe3 {[%emt 0:00:22]} 34. Kxe3 {[%emt 0:00:05]} Rxd2 {[%emt 0:00:17]} 35. Rxd2 {[%emt 0:00:13]} Rxd2 {[%emt 0:00:06]} 36. Kxd2 {[%emt 0:00:03]} Bxf3 {[%emt 0:00:04]} 37. Ke3 {[%emt 0:00:40]} Bg2 {[%emt 0:01:23]} 38. h4 {[%emt 0:00:16]} Kg8 {[%emt 0:00:30]} 39. Kd4 {[%emt 0:01:33]} g5 {[%emt 0:00:22]} 40. hxg5 {[%emt 0:01:13]} hxg5 {[%emt 0:00:04]} 41. c4 {[%emt 0:32:24]} bxc3 {[%emt 0:30:17]} 42. Kxc3 {[%emt 0:01:31]} Kf8 {[%emt 0:00:00]} 43. Bc4 {[%emt 0:00:00]} Ke7 {[%emt 0:00:00]} 44. b4 {[%emt 0:00:00]} axb4+ {[%emt 0:00:00]} 45. Kxb4 {[%emt 0:00:00]} Kd6 {[%emt 0:00:00]} 46. Be2 {[%emt 0:00:00]} e5 {[%emt 0:00:00]} 47. Kc4 {[%emt 0:00:00]} f5 {[%emt 0:00:00]} 48. a5 {[%emt 0:00:00]} f4 {[%emt 0:00:00]} 49. gxf4 {[%emt 0:00:00]} gxf4 {[%emt 0:00:00]} 50. Bg4 {[%emt 0:00:00]} f3 {[%emt 0:00:00]} 51. Kd3 {[%emt 0:00:00]} f2 {[%emt 0:00:00]} 0-1

[Event "FIN-ch Seniors 2019"]
[Site "Helsinki"]
[Date "2019.06.18"]
[Round "9.3"]
[White "Kivipelto, Kaj"]
[Black "Patola, Eero"]
[Result "1-0"]
[WhiteElo "2130"]
[BlackElo "1853"]
[Annotator "NA"]
[PlyCount "63"]
[EventDate "2019.06.10"]
[EventType "swiss"]
[EventCountry "FIN"]
[SourceTitle "playchess.com"]
[Source "ChessBase"]
[SourceQuality "1"]
[TimeControl "40/5400+30:1800+30"]

1. Nf3 {[%emt 0:00:49]} f5 {[%emt 0:00:25]} 2. c4 {[%emt 0:00:55]} Nf6 {[%emt 0:00:10]} 3. Nc3 {[%emt 0:00:20]} d6 {[%emt 0:03:52]} 4. g3 {[%emt 0:05:08]} g6 {[%emt 0:07:33]} 5. Bg2 {[%emt 0:00:12]} Bg7 {[%emt 0:00:13]} 6. O-O {[%emt 0:00:30]} O-O {[%emt 0:00:27]} 7. d3 {[%emt 0:00:31]} c6 {[%emt 0:01:32]} 8. Bd2 {[%emt 0:00:43]} Na6 {[%emt 0:08:13]} 9. Rb1 {[%emt 0:00:58]} Nc7 {[%emt 0:00:32]} 10. b4 {[%emt 0:00:28]} Bd7 {[%emt 0:02:50]} 11. a4 {[%emt 0:31:28]} a6 {[%emt 0:05:26]} 12. e4 {[%emt 0:09:30]} e5 {[%emt 0:03:00]} 13. c5 {[%emt 0:00:56]} Nfe8 {[%emt 0:08:14]} 14. Bg5 {[%emt 0:05:04]} Bf6 {[%emt 0:02:39]} 15. cxd6 {[%emt 0:02:29]} Ne6 {[%emt 0:01:55]} 16. Bxf6 {[%emt 0:06:52]} Qxf6 {[%emt 0:00:58]} 17. Qb3 {[%emt 0:07:08]} Nxd6 {[%emt 0:03:00]} 18. d4 {[%emt 0:01:16]} Nf7 {[%emt 0:01:29]} 19. dxe5 {[%emt 0:02:30]} Nxe5 {[%emt 0:01:11]} 20. Nxe5 {[%emt 0:00:52]} Qxe5 {[%emt 0:00:32]} 21. exf5 {[%emt 0:00:46]} Qxf5 {[%emt 0:02:11]} 22. Ne4 {[%emt 0:02:51]} Kg7 {[%emt 0:02:31]} 23. Rbd1 {[%emt 0:00:32]} Nc7 {[%emt 0:04:53]} 24. Qc3+ {[%emt 0:01:27]} Kg8 {[%emt 0:01:43]} 25. Nd6 {[%emt 0:00:56]} Qf6 {[%emt 0:02:47]} 26. Qxf6 {[%emt 0:00:56]} Rxf6 {[%emt 0:00:07]} 27. Ne4 {[%emt 0:00:12]} Rf7 {[%emt 0:07:45]} 28. Rxd7 {[%emt 0:00:27]} Nd5 {[%emt 0:00:36]} 29. Rxf7 {[%emt 0:00:36]} Kxf7 {[%emt 0:00:08]} 30. b5 {[%emt 0:05:50]} axb5 {[%emt 0:03:06]} 31. axb5 {[%emt 0:00:02]} Rb8 {[%emt 0:02:13]} 32. Ng5+ {[%emt 0:01:08]} 1-0

[Event "FIN-ch Seniors 2019"]
[Site "Helsinki"]
[Date "2019.06.18"]
[Round "9.4"]
[White "Aakio, Seppo"]
[Black "Gronroos, Matti"]
[Result "1/2-1/2"]
[WhiteElo "2051"]
[BlackElo "1931"]
[Annotator "NA"]
[PlyCount "101"]
[EventDate "2019.06.10"]
[EventType "swiss"]
[EventCountry "FIN"]
[SourceTitle "playchess.com"]
[Source "ChessBase"]
[SourceQuality "1"]
[TimeControl "40/5400+30:1800+30"]

1. e4 {[%emt 1:30:30]} e5 {[%emt 1:30:30]} 2. Nf3 {[%emt 0:00:30]} Nc6 {[%emt 0:00:30]} 3. d4 {[%emt 0:00:30]} exd4 {[%emt 0:00:30]} 4. Nxd4 {[%emt 0:00:30]} Nge7 {[%emt 0:00:30]} 5. Nc3 {[%emt 0:00:30]} Nxd4 {[%emt 0:00:30]} 6. Qxd4 {[%emt 0:00:30]} Nc6 {[%emt 0:00:30]} 7. Qa4 {[%emt 0:00:30]} Bc5 {[%emt 0:00:30]} 8. Nd5 {[%emt 0:00:30]} O-O {[%emt 0:00:30]} 9. Be3 {[%emt 0:00:30]} Bxe3 {[%emt 0:00:30]} 10. Nxe3 {[%emt 0:00:30]} d6 {[%emt 0:00:30]} 11. c3 {[%emt 0:00:30]} Be6 {[%emt 0:00:30]} 12. Be2 {[%emt 0:00:30]} Qd7 {[%emt 0:00:30]} 13. O-O {[%emt 0:00:30]} Ne7 {[%emt 0:00:30]} 14. Bb5 {[%emt 0:00:30]} Qc8 {[%emt 0:00:30]} 15. Bd3 {[%emt 0:00:30]} f5 {[%emt 0:00:30]} 16. f3 {[%emt 0:00:30]} f4 {[%emt 0:00:30]} 17. Nd1 {[%emt 0:00:30]} Ng6 {[%emt 0:00:30]} 18. Nf2 {[%emt 0:00:30]} Ne5 {[%emt 0:00:30]} 19. Rfd1 {[%emt 0:00:30]} Qd8 {[%emt 0:00:30]} 20. Qc2 {[%emt 0:00:30]} Qg5 {[%emt 0:00:30]} 21. Kf1 {[%emt 0:00:30]} Rf6 {[%emt 0:00:30]} 22. h3 {[%emt 0:00:30]} Rg6 {[%emt 0:00:30]} 23. Ng4 {[%emt 0:00:30]} Nxd3 {[%emt 0:00:30]} 24. Rxd3 {[%emt 0:00:30]} Bc4 {[%emt 0:00:30]} 25. Rad1 {[%emt 0:00:30]} h5 {[%emt 0:00:30]} 26. Nh2 {[%emt 0:00:30]} Qg3 {[%emt 0:00:30]} 27. Kg1 {[%emt 0:00:30]} Bxd3 {[%emt 0:00:30]} 28. Rxd3 {[%emt 0:00:30]} Re8 {[%emt 0:00:30]} 29. Rd2 {[%emt 0:00:30]} Ree6 {[%emt 0:00:30]} 30. Qb3 {[%emt 0:00:30]} Kh7 {[%emt 0:00:30]} 31. Qxb7 {[%emt 0:00:30]} Rg5 {[%emt 0:00:30]} 32. Qxa7 {[%emt 0:00:30]} Reg6 {[%emt 0:00:30]} 33. Qf2 {[%emt 0:00:30]} Qxh3 {[%emt 0:00:30]} 34. Qf1 {[%emt 0:00:30]} Qe6 {[%emt 0:00:30]} 35. a3 {[%emt 0:00:30]} Qb3 {[%emt 0:00:30]} 36. Kh1 {[%emt 0:00:30]} Qb6 {[%emt 0:00:30]} 37. Qe1 {[%emt 0:00:30]} Rg3 {[%emt 0:00:30]} 38. Nf1 {[%emt 0:00:30]} h4 {[%emt 0:00:30]} 39. e5 {[%emt 0:00:30]} Re6 {[%emt 0:00:30]} 40. Qe4+ {[%emt 0:00:30]} Reg6 {[%emt 0:00:30]} 41. e6 {[%emt 0:30:30]} Qb5 {[%emt 0:30:30]} 42. Re2 {[%emt 0:00:30]} Rxg2 {[%emt 0:00:30]} 43. c4 {[%emt 0:00:30]} Qg5 {[%emt 0:00:30]} 44. Qxg6+ {[%emt 0:00:30]} Qxg6 {[%emt 0:00:30]} 45. Rxg2 {[%emt 0:00:30]} Qxe6 {[%emt 0:00:30]} 46. Nd2 {[%emt 0:00:30]} Qe3 {[%emt 0:00:30]} 47. Kh2 {[%emt 0:00:30]} Kh6 {[%emt 0:00:30]} 48. a4 {[%emt 0:00:30]} Qc5 {[%emt 0:00:30]} 49. b3 {[%emt 0:00:30]} g6 {[%emt 0:00:30]} 50. Re2 {[%emt 0:00:30]} Qe3 {[%emt 0:00:30]} 51. Rg2 {[%emt 0:00:30]} 1/2-1/2

[Event "FIN-ch Seniors 2019"]
[Site "Helsinki"]
[Date "2019.06.18"]
[Round "9.5"]
[White "Auvinen, Esa"]
[Black "Kangas, Mauno"]
[Result "1/2-1/2"]
[WhiteElo "1899"]
[BlackElo "1831"]
[Annotator "NA"]
[PlyCount "40"]
[EventDate "2019.06.10"]
[EventType "swiss"]
[EventCountry "FIN"]
[SourceTitle "playchess.com"]
[Source "ChessBase"]
[SourceQuality "1"]
[TimeControl "40/5400+30:1800+30"]

1. e4 {[%emt 0:00:31]} d6 {[%emt 0:00:00]} 2. d4 {[%emt 0:00:26]} Nf6 {[%emt 0:00:01]} 3. Nc3 {[%emt 0:00:05]} g6 {[%emt 0:00:08]} 4. Nf3 {[%emt 0:00:33]} Bg7 {[%emt 0:00:09]} 5. Bc4 {[%emt 0:00:33]} c6 {[%emt 0:00:30]} 6. a4 {[%emt 0:00:20]} Bg4 {[%emt 0:00:44]} 7. h3 {[%emt 0:01:58]} Bd7 {[%emt 0:02:04]} 8. O-O {[%emt 0:01:36]} O-O {[%emt 0:00:08]} 9. Re1 {[%emt 0:00:12]} Na6 {[%emt 0:02:39]} 10. e5 {[%emt 0:03:35]} Ne8 {[%emt 0:07:41]} 11. e6 {[%emt 0:10:47]} Bxe6 {[%emt 0:00:55]} 12. Bxe6 {[%emt 0:00:43]} fxe6 {[%emt 0:00:03]} 13. Ng5 {[%emt 0:03:03]} Nac7 {[%emt 0:03:38]} 14. Nxe6 {[%emt 0:00:07]} Nxe6 {[%emt 0:00:02]} 15. Rxe6 {[%emt 0:00:09]} Nc7 {[%emt 0:01:49]} 16. Re2 {[%emt 0:01:06]} e5 {[%emt 0:02:40]} 17. dxe5 {[%emt 0:00:38]} Bxe5 {[%emt 0:00:44]} 18. Ne4 {[%emt 0:01:19]} Ne6 {[%emt 0:03:13]} 19. c3 {[%emt 0:01:37]} Qc7 {[%emt 0:17:22]} 20. Bh6 {[%emt 0:04:19]} Rf5 {[%emt 0:55:30]} 1/2-1/2

[Event "FIN-ch Seniors 2019"]
[Site "Helsinki"]
[Date "2019.06.18"]
[Round "9.6"]
[White "Leukkunen, Raimo"]
[Black "Sihvonen, Tero"]
[Result "0-1"]
[WhiteElo "1876"]
[BlackElo "1983"]
[Annotator "NA"]
[PlyCount "68"]
[EventDate "2019.06.10"]
[EventType "swiss"]
[EventCountry "FIN"]
[SourceTitle "playchess.com"]
[Source "ChessBase"]
[SourceQuality "1"]
[TimeControl "40/5400+30:1800+30"]

1. g3 {[%emt 1:30:30]} c5 {[%emt 1:30:30]} 2. Nf3 {[%emt 0:00:30]} Nc6 {[%emt 0:00:30]} 3. d3 {[%emt 0:00:30]} g6 {[%emt 0:00:30]} 4. Bg2 {[%emt 0:00:30]} Bg7 {[%emt 0:00:30]} 5. e4 {[%emt 0:00:30]} d6 {[%emt 0:00:30]} 6. O-O {[%emt 0:00:30]} Nf6 {[%emt 0:00:30]} 7. c3 {[%emt 0:00:30]} h6 {[%emt 0:00:30]} 8. Re1 {[%emt 0:00:30]} O-O {[%emt 0:00:30]} 9. d4 {[%emt 0:00:30]} e5 {[%emt 0:00:30]} 10. d5 {[%emt 0:00:30]} Ne7 {[%emt 0:00:30]} 11. Nbd2 {[%emt 0:00:30]} Bg4 {[%emt 0:00:30]} 12. h3 {[%emt 0:00:30]} Bd7 {[%emt 0:00:30]} 13. Nf1 {[%emt 0:00:30]} Qc8 {[%emt 0:00:30]} 14. Kh2 {[%emt 0:00:30]} c4 {[%emt 0:00:30]} 15. Ng1 {[%emt 0:00:30]} Nh7 {[%emt 0:00:30]} 16. f4 {[%emt 0:00:30]} f5 {[%emt 0:00:30]} 17. Qc2 {[%emt 0:00:30]} Qe8 {[%emt 0:00:30]} 18. b3 {[%emt 0:00:30]} Rc8 {[%emt 0:00:30]} 19. b4 {[%emt 0:00:30]} Qf7 {[%emt 0:00:30]} 20. Rd1 {[%emt 0:00:30]} fxe4 {[%emt 0:00:30]} 21. Bxe4 {[%emt 0:00:30]} Nf6 {[%emt 0:00:30]} 22. fxe5 {[%emt 0:00:30]} Nxe4 {[%emt 0:00:30]} 23. Qxe4 {[%emt 0:00:30]} Qf2+ {[%emt 0:00:30]} 24. Qg2 {[%emt 0:00:30]} Qxg2+ {[%emt 0:00:30]} 25. Kxg2 {[%emt 0:00:30]} dxe5 {[%emt 0:00:30]} 26. Ne3 {[%emt 0:00:30]} Nf5 {[%emt 0:00:30]} 27. g4 {[%emt 0:00:30]} Nh4+ {[%emt 0:00:30]} 28. Kh1 {[%emt 0:00:30]} e4 {[%emt 0:00:30]} 29. Ng2 {[%emt 0:00:30]} Nf3 {[%emt 0:00:30]} 30. Bb2 {[%emt 0:00:30]} Ne5 {[%emt 0:00:30]} 31. Ne1 {[%emt 0:00:30]} Nd3 {[%emt 0:00:30]} 32. Nxd3 {[%emt 0:00:30]} cxd3 {[%emt 0:00:30]} 33. Rac1 {[%emt 0:00:30]} Rf2 {[%emt 0:00:30]} 34. Ba1 {[%emt 0:00:30]} Be5 {[%emt 0:00:30]} 0-1